Industrialización en América Latina: de la Caja Negra al Casillero Vacío. Comparación de patrones contemporáneos de industrialización

Saved in:
Bibliographic Details
Main Author: Fajnzylber, Fernando (Author)
Format: Book
Language:Spanish
Published: Santiago Naciones Unidas, Comisión Económica para América Latina y el Caribe 1989
Series:Cuadernos de la Cepal, 60
Subjects:
Tags: Add Tag
No Tags, Be the first to tag this record!

MARC

LEADER 00000nam a2200000 a 4500
001 UCV6736
003 CL-VaPUC
008 890505e19890000CL |||||||||||||||||spa|d
020 |a 9213213212 
082 0 4 |a 338.098  |b FAJ  |2 21 
100 0 |a Fajnzylber, Fernando  |e author  |9 300792 
245 1 0 |a Industrialización en América Latina: de la Caja Negra al Casillero Vacío. Comparación de patrones contemporáneos de industrialización 
300 |a 176 p 
942 |c BK 
945 |d 19890505 00:00:00 
260 |a Santiago  |b Naciones Unidas, Comisión Económica para América Latina y el Caribe  |c 1989 
650 0 |a Industrialización  |9 263687 
650 0 |a Condiciones económicas  |9 258255 
650 0 |a Industrias   |9 263688 
651 0 |a América Latina   |9 255027 
583 |a last modification  |c 20160920 01:50:30  |k Rodrigo Vera 
490 0 |a Cuadernos de la Cepal, 60 
999 |c 212635  |d 212633 
952 |0 0  |1 0  |4 0  |6 338_098000000000000_FAJ_1989  |7 0  |8 A  |9 193857  |a BIBING  |b BIBING  |d 2019-11-14  |i 2620022  |o 338.098 FAJ 1989  |p 2620022  |r 2025-01-20  |w 2019-11-14  |y BK  |k EII 
952 |0 0  |1 0  |4 0  |6 338_098000000000000_FAJ_1989  |7 0  |8 A  |9 193858  |a BIBING  |b BIBING  |d 2019-11-14  |i 2620030  |o 338.098 FAJ 1989  |p 2620030  |r 2023-03-02  |w 2019-11-14  |y BK  |k EII 
952 |0 0  |1 0  |4 0  |6 338_098000000000000_FAJ_1989  |7 0  |8 A  |9 193859  |a BIBING  |b BIBING  |d 2019-11-14  |i 2620049  |o 338.098 FAJ 1989  |p 2620049  |r 2023-03-02  |w 2019-11-14  |y BK  |k EII 
952 |0 0  |1 0  |4 0  |6 338_098000000000000_FAJ_1989  |7 0  |8 A  |9 193860  |a BIBING  |b BIBING  |d 2019-11-14  |i 2620057  |o 338.098 FAJ 1989  |p 2620057  |r 2025-01-20  |w 2019-11-14  |y BK  |k EII 
952 |0 0  |1 0  |4 0  |6 338_098000000000000_FAJ_1989  |7 0  |8 A  |9 193861  |a BIBING  |b BIBING  |d 2019-11-14  |i 2620065  |o 338.098 FAJ 1989  |p 2620065  |r 2023-03-02  |w 2019-11-14  |y BK  |k EII 
952 |0 0  |1 0  |4 0  |6 338_098000000000000_FAJ_1989  |7 0  |8 A  |9 193862  |a BIBING  |b BIBING  |d 2019-11-14  |i 2620073  |o 338.098 FAJ 1989  |p 2620073  |r 2023-03-02  |w 2019-11-14  |y BK  |k EII 
952 |0 0  |1 0  |4 0  |6 338_098000000000000_FAJ_1989  |7 0  |8 A  |9 193863  |a BIBGIM  |b BIBGIM  |d 2019-11-14  |i 4701860  |o 338.098 FAJ 1989  |p 4701860  |r 2025-01-15  |w 2019-11-14  |y BK  |k GIM